Catálogo público

Proyecto para el establecimiento de una empacadora de mango (Mangafera indica L.) y ciruela mexicana (Spondias purpurea L.) en Santos Cruz Zenzontepec, Oaxaca / (Record no. 175351)

MARC details
000 -CABECERA
campo de control de longitud fija 05454nam a2200517Ia 4500
001 - NÚMERO DE CONTROL
campo de control dia_4665
003 - IDENTIFICADOR DEL NÚMERO DE CONTROL
campo de control CHAP
005 - FECHA Y HORA DE LA ÚLTIMA TRANSACCIÓN
campo de control 20241025135237.0
007 - CAMPO FIJO DE DESCRIPCIÓN FÍSICA--INFORMACIÓN GENERAL
campo de control de longitud fija ta
008 - DATOS DE LONGITUD FIJA--INFORMACIÓN GENERAL
campo de control de longitud fija 220117s2010 mx bdeofrm 001 0 spa d
010 ## - NÚMERO DE CONTROL DE LA BIBLIOTECA DEL CONGRESO
Número de control de LC 175351
040 ## - FUENTE DE LA CATALOGACIÓN
Centro/agencia transcriptor CHAP
Centro catalogador/agencia de origen mxchpua
Normas de descripción rda
041 0# - CÓDIGO DE LENGUA
Código de lengua del texto/banda sonora o título independiente spa
Código de lengua del sumario o resumen eng
090 ## - LOCALMENTE ASIGNADO TIPO-LC NÚMERO DE CLASIFICACIÓN (OCLC); NÚMERO DE CLASIFICACIÓN LOCAL (RLIN)
Número de clasificación (OCLC) (R) ; Numero de clasificación, CALL (RLIN) (NR) Tesis
Número cutter local (OCLC) ; Número de libro/Signatura topográfica íntegra, CALL (RLIN) M47
año 2010
100 1# - ENTRADA PRINCIPAL--NOMBRE DE PERSONA
Nombre de persona Merino Jiménez, Xicotencal
240 10 - TÍTULO UNIFORME
Título uniforme Project for the establishment of mango (Mangifera indica L.) and mexican plum (Spondias purpurea L.) packing located in Santa Cruz Zenzontepec, Oaxaca.
Lenguaje de la obra Español
245 10 - MENCIÓN DE TÍTULO
Título Proyecto para el establecimiento de una empacadora de mango (Mangafera indica L.) y ciruela mexicana (Spondias purpurea L.) en Santos Cruz Zenzontepec, Oaxaca /
Mención de responsabilidad, etc. Xicotencal Merino Jiménez
264 ## - PRODUCCIÓN, PUBLICACIÓN, DISTRIBUCIÓN, FABRICACIÓN Y COPYRIGHT
Producción, publicación, distribución, fabricación y copyright Chapingo, México :
Nombre del de productor, editor, distribuidor, fabricante El autor,
Fecha de producción, publicación, distribución, fabricación o copyright 2010
300 ## - DESCRIPCIÓN FÍSICA
Extensión viii, 109 hojas :
Otras características físicas mapas, gráficas, diagramas, tablas, fotos, planos +
Material acompañante/anejo 1 CD-ROM
336 ## - TIPO DE CONTENIDO
Fuente rdacontent
Término de tipo de contenido texto
Código de tipo de contenido txt
337 ## - TIPO DE MEDIO
Fuente rdamedia
Nombre/término del tipo de medio no mediado
Código del tipo de medio n
338 ## - TIPO DE SOPORTE
Fuente rdacarrier
Nombre/término del tipo de soporte volumen
Código del tipo de soporte nc
500 ## - NOTA GENERAL
Nota general El CD contiene el reporte --<br/>Los planos están incluidos en el reporte
502 ## - NOTA DE TESIS
Nota de tesis Tesis
Tipo de título (Ingeniero Agroindustrial) --
Nombre de la institución que otorga el título UACh. Departamento de Ingenieria Agroindustrial,
Año de obtención del título 2010
504 ## - NOTA DE BIBLIOGRAFÍA, ETC.
Nota de bibliografía, etc. Bibliografía: hojas 96-99
505 ## - NOTA DE CONTENIDO CON FORMATO
Nota de contenido con formato 6 planos --<br/>1. Plano de distribución de áreas --<br/>2. Plano de distribución de equipos --<br/>3. Plano estructural --<br/>4. Plano vista principal --<br/>5. Plano vista posterior --<br/>6. Plano vista superior y lateral
520 3# - SUMARIO, ETC.
Sumario, etc. En este trabajo se propone el establecimiento de una empacadora de mango y ciruela mexicana en el municipio de Zenzontepec, Oaxaca que busca acondicionar la producción de la región abarcando municipios circunvecinos y el mismo municipio donde se pretende localizar la planta. La propuesta de la instalación del empaque surge como una necesidad económica debido a que la producción que se obtiene cada año genera ingresos casi nulos para los productores, no existe forma alguna de comercialización y en consecuencia no genera una derrama económica importante para la región. Se analizó la factibilidad y la rentabilidad del proceso de acondicionamiento de acuerdo a las características de la materia prima y al mercado. La información se obtuvo a través de revisiones bibliográficas de distintas y variadas fuentes, principalmente en las bibliotecas de la Universidad Autónoma Chapingo. Los resultados muestran que el proyecto es viable técnica y económicamente rentable, esto debido a que la TIR obtenida fue del 16%, mayor que la tasa de actualización determinada (10%), por lo tanto el proyecto se acepta, además el valor actual neto fue de $1, 455, 697 el cual es mayor que cero y por consecuencia el proyecto también cumple de manera satisfactoria con este indicador. En lo que respecta a la relación beneficio – costo se obtuvo un valor de 1.11 lo que indica también la viabilidad del proyecto. Por otra parte, se tiene que el proyecto es sensible al aumento de los costos de producción y a la disminución de los ingresos por ventas. El monto total de inversión es de $4,387, 965. --
520 3# - SUMARIO, ETC.
Sumario, etc. In this project was proposed the installation of handle and Mexican plum packing to be located in Zenzontepec, Oaxaca, that it looks for conditioning the production of the region and surrounding municipalities and the same municipalities were it is tried to locate the plant. The proposal of the installation of the packing arises like an economic necessity because the production that obtains every year does not generate economic income to the producer, does not exist commercialization form some and by consequence it does not generate a major economic income for the region. It was analyzed the feasibility and the yield of the preparation process according to the characteristics of the raw material and to the market. The information was obtained through revisions bibliographical of different and varied sources, mainly in the libraries of the Autonomous University Chapingo. The results show that the project is viable economically profitable technique, this because the TIR obtained was 16%, higher than the discount rate determined (10%), therefore the project is accepted, also the net present value was $ 1, 455, 697 which is greater than zero and consequently the project also complies satisfactorily with this indicator. With respect to the benefit - cost was obtained a value of 1.11 which also indicates the feasibility of the project. On the other hand, the project is had is sensible to the increase of the production costs and to the diminution of the income by sales. The total amount of investment is of $4, 387, 965.
650 13 - PUNTO DE ACCESO ADICIONAL DE MATERIA--TÉRMINO DE MATERIA
Término de materia o nombre geográfico como elemento de entrada Ciruelas
Fuente del encabezamiento o término atg
Subdivisión general Plantas empacadoras
650 13 - PUNTO DE ACCESO ADICIONAL DE MATERIA--TÉRMINO DE MATERIA
Término de materia o nombre geográfico como elemento de entrada Mangos
Fuente del encabezamiento o término atg
Subdivisión general Plantas empacadoras
650 13 - PUNTO DE ACCESO ADICIONAL DE MATERIA--TÉRMINO DE MATERIA
Término de materia o nombre geográfico como elemento de entrada Iniciativa empresarial
Subdivisión geográfica México
-- Oaxaca
Fuente del encabezamiento o término atg
650 13 - PUNTO DE ACCESO ADICIONAL DE MATERIA--TÉRMINO DE MATERIA
Término de materia o nombre geográfico como elemento de entrada Mangoes
Fuente del encabezamiento o término atg
Subdivisión general Packing houses
650 10 - PUNTO DE ACCESO ADICIONAL DE MATERIA--TÉRMINO DE MATERIA
Término de materia o nombre geográfico como elemento de entrada Plums
Fuente del encabezamiento o término atg
Subdivisión general Packing houses
650 13 - PUNTO DE ACCESO ADICIONAL DE MATERIA--TÉRMINO DE MATERIA
Término de materia o nombre geográfico como elemento de entrada Entrepreneurship
Subdivisión geográfica México
-- Oaxaca
Fuente del encabezamiento o término atg
700 1# - PUNTO DE ACCESO ADICIONAL--NOMBRE DE PERSONA
Nombre de persona Ponce Hernández, Pedro
Término indicativo de función/relación director
700 1# - PUNTO DE ACCESO ADICIONAL--NOMBRE DE PERSONA
Nombre de persona Szymanski Duque, Rosa Guadalupe
Término indicativo de función/relación asesora
700 1# - PUNTO DE ACCESO ADICIONAL--NOMBRE DE PERSONA
Nombre de persona Pérez López, Artemio
Término indicativo de función/relación asesor
856 41 - LOCALIZACIÓN Y ACCESO ELECTRÓNICOS
Identificador Uniforme del Recurso <a href="http://10.13.5.2/tesis/109451.pdf">http://10.13.5.2/tesis/109451.pdf</a>
Texto de enlace DESCARGAR PDF
901 ## - ELEMENTOS DE DATOS A LOCAL LDA (RLIN)
a Tesis M47 2010
942 ## - ELEMENTOS DE PUNTO DE ACCESO ADICIONAL (KOHA)
Tipo de ítem Koha TESIS
Fuente del sistema de clasificación o colocación Clasificación Universidad Autónoma Chapingo
902 ## - ELEMENTOS DE DATOS B LOCAL, LDB (RLIN)
a M
905 ## - ELEMENTOS DE DATOS E LOCAL, LDE (RLIN)
a 0000002010 MX A M 0000000000SPA00
Holdings
Estado de retiro Estado de pérdida Fuente del sistema de clasificación o colocación Estado dañado Restricciones de uso No para préstamo Código de colección Localización permanente Ubicación/localización actual Fecha de adquisición Fuente de adquisición Total de préstamos Signatura topográfica completa Código de barras Fecha visto por última vez Fecha del último préstamo Número de copia Precio válido a partir de Tipo de ítem Koha Ubicación en estantería
    Clasificación Universidad Autónoma de Chapingo   Préstamo 5 días   Tesis Ingenieria Agroindustrial Ingenieria Agroindustrial 18/01/2022 El autor 1 Tesis M47 2010 1101013937 02/02/2026 31/10/2024 Ej. 2 18/01/2022 Tesis  
    Clasificación Universidad Autónoma de Chapingo   Préstamo interno   Tesis Ingenieria Agroindustrial Ingenieria Agroindustrial 18/01/2022 El autor   Tesis M47 2010 1101013936 02/02/2026   Ej. 1 18/01/2022 Tesis  
    Clasificación Universidad Autónoma de Chapingo       Tesis digitales de Licenciatura Ingenieria Agroindustrial Ingenieria Agroindustrial 25/10/2024 El autor     1201013936 25/10/2024     25/10/2024 Tesis digital En línea